Loading...
| Philosophy | 0 | 4 | 1 | 1 | 35 | 134 | 139.00 | 0 | 0 | 0.04 | 5.88 |
| Science - Biology | 0 | 3 | 0 | 0 | 30 | 102 | 118.33 | 0 | 0 | 1.39 | 7.08 |
| Fine Arts - Painting & Sculpture | 0 | 2 | 0 | 1 | 20 | 113 | 127.50 | 0 | 0 | 1.30 | 5.95 |
| Mythology | 0 | 2 | 0 | 0 | 20 | 65 | 87.50 | 0 | 0 | 8.60 | 16.45 |
| Fine Arts - Classical Music | 0 | 2 | 0 | 0 | 20 | 139 | 143.50 | 0 | 0 | -0.25 | 1.47 |
| Science - Physics | 0 | 2 | 1 | 0 | 15 | 56 | 80.50 | 1 | 1 | 4.53 | 8.95 |
| Religion | 0 | 1 | 0 | 1 | 10 | 151 | 151.00 | 0 | 0 | -0.04 | 1.72 |
| Science - Chemistry | 0 | 1 | 0 | 0 | 10 | 116 | 116.00 | 0 | 0 | 0.33 | 1.96 |
| Science - Other | 0 | 0 | 0 | 0 | 0 | 0.00 | 0 | 0 | 0.00 | 0.00 | |
| Fine Arts - Other | 0 | 0 | 0 | 0 | 0 | 0.00 | 0 | 0 | 0.00 | 0.00 | |
| Social Science | 0 | 0 | 1 | 0 | -5 | 0.00 | 0 | 0 | 0.00 | 0.00 |